01230nam a2200289 a 450000100100000000500170001000800410002704000250006804100390009308200150013210000300014724000420017724501810021926000290040030000250042949000220045449000310047650400740050753400630058150000210064470000450066570000270071083000580073704900090079595201190080499900170092300002386520200930022527.0110114s1968 sp r 001 0 spa d aDO-SdBNPbspacBNPHU17aspaheng2Código de idiomas MARC annnnbJ53d1 aJenks, C. Wilfred,94909314aThe common law of mankind.lEspañol13aEl derecho común de la humanidad /cC. Wilfred Jenks ; traducción de M.T. Martínez de Arellano ; revisión, índices y notas a la edición española de Manuel Medina. aMadrid :bTecnos,c1968. aix, 430 p. ;c24 cm.1 aCiencias sociales1 aRelaciones internacionales aIncluye referencias bibliográficas y notas al pie de las páginas. pTítulo original en inglés:tThe common law of mankind. aIncluye índice1 aRamírez de Arellano, M.T.,etr.9490941 aMedina, Manuel,949095 0aCiencias sociales.pRelaciones internacionales949096 aBNGR 001052708MOaGRbGRcCTd2011-01-14iLF1l0onnnn J53dp23865-10r2020-06-25w2020-06-25y2ZPréstamo interno c23361d23361